000 00655nam a2200217Ii 4500
001 9288
003 CO-ViMGA
008 241108s9999||||xx |||||||||||||| ||und||
020 _a9586014800
040 _aCO-ViMGA
_bspa
_erda
_cCO-ViMGA
041 0 _aunk
082 0 4 _a791.4309 K46c
100 1 _aJohn King
_955370
245 1 0 _aEl Canete mágico:
_buna historia del cine latinoamericano
264 1 _a[Lugar de publicación no identificado] : Tercer Mundo, 1994
300 _avolumen
336 _atext
_btxt
_2rdacontent
337 _aunmediated
_bn
_2rdamedia
338 _avolume
_bnc
_2rdacarrier
940 _aidficha_siabuc: 9083. -- ficha_no_siabuc:9288
999 _c52880
_d52880